000 00693nam a2200193 a 4500
001 000029883
003 DO-SdBNP
005 20250205081955.0
008 110426s1998 dr ac 000 0 spa d
040 _aDO-SdBNP
_bspa
_cBNPHU
110 1 _aRepública Dominicana.
_bSecretaría de Estado de Educación, Bellas Artes y Cultos
_923965
245 1 0 _aGuía de efemérides y de actividades educativas y culturales /
_cpresentación Ligia Amada Melo de Cardona.
250 _a2a ed.
260 _aSanto Domingo :
_bDirección General de Cultura,
_c1998.
300 _a53 p. ;
_c28 cm.
504 _aBibliografía : p. 52 -53
700 1 _aMelo de Cardona, Ligia Amada
_927174
942 _2ddc
_cLBS1
999 _c29375
_d29375